| 000 | 00711cab a2200241 4500 | ||
|---|---|---|---|
| 001 | ABS54138 | ||
| 008 | 090401t1995 xxu||||| |||| 00| 0 eng d | ||
| 035 | _a(Sirsi) u8749 | ||
| 041 | _aeng | ||
| 100 | _aMynors, C. | ||
| 245 | _aM`learned friend | ||
| 260 | _c1995 | ||
| 350 | _a0 | ||
| 490 |
_aContext _v(48) December 1995, 24-25(2) |
||
| 520 | _aExamines the distinction between demolition and alteration, in the case of "Shimizu (UK) Ltd v Westminster CC", where the building in question is a listed building. | ||
| 650 | _aALTERATION | ||
| 650 | _aCHIMNEY BREASTS | ||
| 650 | _aDEMOLITION | ||
| 650 | _aLISTED BUILDINGS | ||
| 690 |
_aRefurbishment _96264 |
||
| 942 | _n0 | ||
| 948 | _c04/03/1997 | ||
| 999 |
_c5427 _d5427 |
||